000 00788nam a2200241 a 4500
001 000021668
005 20200930011414.0
008 100909s2000 sp r 000 f spa d
020 _a8466200762
040 _aDO-SdBNP
_cspa
_bBNPHU
082 _a813.54
_bH141u
100 1 _aHagan, Patricia
_945080
240 1 0 _aHeaven in a wildflower.
_lEspaól.
245 1 0 _aUna señorita del sur /
_cPatricia Hagan ; traducción J. Luis Tamayo, Inés Martín.
260 _aMadrid :
_bLibsa,
_c2000.
300 _a397, [2] p. ;
_c19 cm.
534 _aTítulo original:
_tHeaven in a wildflower
650 4 _aNovela estadounidense
_9262
650 4 _aLiteratura estadounidense
_ySIGLO XX
_96874
700 1 _aTamayo, J. Luis
_etr.
_945081
700 1 _aMartín, Inés
_etr.
_945082
049 _aBNGR
999 _c21167
_d21167